000 01374cam a2200361 i 4500
001 17982213
003 OSt
005 20230923132029.0
008 131226t20152015mau b 001 0 eng
010 _a 2013050988
020 _a9789384323110
020 _a1284049191 (pbk.)
040 _aDLC
_beng
_cDLC
_erda
_dDLC
042 _apcc
050 0 0 _aQA9.58
_b.N43 2015
082 0 0 _a518.1
_bNEA/F
100 1 _aNeapolitan, Richard E.
_eauthor.
_99568
245 1 0 _aFoundations of algorithms /
_cRichard E. Neapolitan, PhD, Northwestern University.
250 _aFifth edition.
264 1 _aBurlington, MA :
_bJones & Bartlett Learning,
_c[2015]
264 4 _c©2015
300 _axvii, 676 pages ;
_c24 cm
336 _atext
_2rdacontent
337 _aunmediated
_2rdamedia
338 _avolume
_2rdacarrier
504 _aIncludes bibliographical references (pages 653-658) and index.
650 0 _aAlgorithms.
650 0 _aConstructive mathematics.
650 0 _aComputational complexity.
906 _a7
_bcbc
_corignew
_d1
_eecip
_f20
_gy-gencatlg
942 _2ddc
_cBK
_h518.1
_iNEA/F
_k518.1
_mNEA/F
999 _c42337
_d42337